| Tag |
First Indicator |
Second Indicator |
Subfields |
| LEADER |
00000cam a2200000 4500 |
| 001 |
in00000044588 |
| 005 |
20151007073035.0 |
| 008 |
790502s1924 iluaf b 00010 engm |
| 010 |
|
|
|a 24013597
|
| 035 |
|
|
|a (OCoLC)04920680
|
| 035 |
|
|
|9 AAE9015AM
|
| 040 |
|
|
|a DLC
|c LFM
|d TXA
|d UtOrBLW
|
| 049 |
|
|
|a TXAM
|c [21428]
|
| 050 |
|
0 |
|a QH581
|b .C6
|
| 092 |
|
|
|a 576.3
|b C87g
|
| 100 |
1 |
|
|a Cowdry, E. V.
|q (Edmund Vincent),
|d 1888-1975.
|
| 245 |
1 |
0 |
|a General cytology ;
|b a textbook of cellular structure and function for students of biology and medicine /
|c by Robert Chambers, Edwin G. Conklin, Edmund V. Cowdry, Merle H. Jacobs ... [and others] edited by Edmund V. Cowdry.
|
| 264 |
|
1 |
|a Chicago, Ill. :
|b The University of Chicago Press,
|c [1924]
|
| 264 |
|
4 |
|c [©1924]
|
| 300 |
|
|
|a vii, 754 pages :
|b illustrations, IX plate, diagrams ;
|c 25 cm.
|
| 336 |
|
|
|a text
|b txt
|2 rdacontent
|
| 337 |
|
|
|a unmediated
|b n
|2 rdamedia
|
| 338 |
|
|
|a volume
|b nc
|2 rdacarrier
|
| 504 |
|
|
|a Bibliography at end of most of the sections.
|
| 650 |
|
0 |
|a Cells.
|
| 999 |
|
|
|a MARS
|
| 999 |
f |
f |
|s 4dd3dca8-4ac0-3a04-aac2-2af5efb1c50b
|i c5ea2f67-4be8-3ae2-a3d1-b0e66d34687b
|t 0
|
| 952 |
f |
f |
|p ric
|a Texas A&M University
|b Rellis Campus
|c Joint Library Facility
|d Remote Storage
|t 0
|e QH581 .C6
|h Library of Congress classification
|i unmediated -- volume
|m A14800980794
|
| 998 |
f |
f |
|a QH581 .C6
|t 0
|l Remote Storage
|